00366cam a22001097a 4500008004000000082002300040100002500063245007200088260005300160300001100213440003200224180718bn.d. xxu||||| |||| 00| 0 eng d aA81x5411 In2/51/12 aCensus of India 1951 aAssam district census handbook, United Mikir and North Cachar Hills aGauhatibSuperintendent, Census Operationscn.d. a248+p. aCensus of India 1951. Assam